00568nam a2200205 a 4500001001300000003000900013005001700022008004100039020002300080082001700103100001600120245006400136260003600200300000900236500003500245505001000280650001700290650003900307700001600346nice12345678IN_TiNIC20260116013309.0050524s1994 muma grp 000 0 eng  a8172241 c37500a954.025bNAY aNayeem, M A aMughal Administration of Deccan Under Nizamul Mulk Asaf Jah aMumbai bJaico Pub.House c1994 a336p aincludes index and biblioraphy2 aIndex aMughal India aMughal India-Administration-deccan1 aNayeem, M A